000 00359pab a2200157 454500
008 180718b1999 xxu||||| |||| 00| 0 eng d
100 _aBhatia, Sidharth
245 _aNew republic for the new millennium
260 _c1999
300 _ap.8
362 _a24 Aug
650 _aFuturology
650 _aConstitutions
773 _aPioneer
909 _a43187
999 _c43187
_d43187